| 000 | 00627nam a2200241Ia 4500 | ||
|---|---|---|---|
| 003 | EC-GqESP | ||
| 005 | 20251106105155.0 | ||
| 008 | 250425s9999 xx 000 0 und d | ||
| 010 | _a100760 | ||
| 020 | _a9780387244921 | ||
| 041 | _aeng | ||
| 082 |
_a658.787 _pMUC |
||
| 100 | _aMUCKSTADT, JOHN A. | ||
| 245 | 0 | _aPRINCIPLES OF INVENTORY MANAGEMENT: WHEN YOU ARE DOWN TO FOUR, ORDER MORE | |
| 250 | _a1ST ED. | ||
| 260 |
_aEstados Unidos _bSPRINGER _c2010 |
||
| 260 | _aNEW YORK | ||
| 300 | _a339 | ||
| 650 | _aCONTROL DE INVENTARIOS | ||
| 650 | _aGESTION DE INVENTARIO | ||
| 700 | _aSAPRA, AMAR | ||
| 942 | _c01 | ||
| 999 |
_c234846 _d234846 |
||